000 00596nam a2200205 4500
001 107130
003 ES-MaACL
005 20230906184344.0
007 t|
008 061121s1912 it r ||||1| ita d
100 1 _aMorgana, Adalberto.
_983529
245 1 0 _aStoria della pedagogia /
_cAdalberto Morgana; con prefazione di Alberto Stratico.
260 _aMilano :
_bUlrico Hoepli,
_c1912.
300 _aXIX, 553 p. ;
_c15 cm.
490 1 _aManuali Hoepli
700 1 _aStratico, Alberto.
_9108386
830 0 _aManuali Hoepli
_9180782
852 _aES-MaACL
_jD-4283
999 _c107130
_d107130